Online
Catalog

Las tribulaciones del estudiante Törless / (Record no. 44566)

MARC details
000 -CABECERA
campo de control de longitud fija 00700nam a2200217 a 4500
001 - NÚMERO DE CONTROL
campo de control 000045077
005 - FECHA Y HORA DE LA ÚLTIMA TRANSACCIÓN
campo de control 20201002045847.0
008 - DATOS DE LONGITUD FIJA--INFORMACIÓN GENERAL
campo de control de longitud fija 150202s2003 sp 000 0 spa d
020 ## - NÚMERO INTERNACIONAL ESTÁNDAR DEL LIBRO
Número Internacional Estándar del Libro 8496246027
040 ## - FUENTE DE LA CATALOGACIÓN
Centro catalogador/agencia de origen DO-SdBNP
Lengua de catalogación spa
Centro/agencia transcriptor BNPHU
041 17 - CÓDIGO DE LENGUA
Código de lengua del texto/banda sonora o título independiente spa
Código de lengua original eng
082 ## - NÚMERO DE LA CLASIFICACIÓN DECIMAL DEWEY
Número de clasificación xxxx
Número de documento/Ítem xxxx
100 1# - ENTRADA PRINCIPAL--NOMBRE DE PERSONA
Nombre de persona Musil, Robert,
Fechas asociadas al nombre 1880-1942.
9 (RLIN) 73089
240 10 - TÍTULO UNIFORME
Título uniforme Die Verwirrugen des Zölings Törless
245 14 - MENCIÓN DE TÍTULO
Título Las tribulaciones del estudiante Törless /
Mención de responsabilidad, etc. Robert Musil ; traducción de Roberto Bixio.
260 ## - PUBLICACIÓN, DISTRIBUCIÓN, ETC.
Lugar de publicación, distribución, etc. Madrid :
Nombre del editor, distribuidor, etc. El País,
Fecha de publicación, distribución, etc. 2003.
300 ## - DESCRIPCIÓN FÍSICA
Extensión 235 p. ;
Dimensiones 21 cm.
490 1# - MENCIÓN DE SERIE
Mención de serie Clásicos del siglo xx
Designación de volumen o secuencia 40
700 1# - PUNTO DE ACCESO ADICIONAL--NOMBRE DE PERSONA
Nombre de persona Bixio, Roberto,
Término indicativo de función/relación tr.
9 (RLIN) 62515
830 #0 - PUNTO DE ACCESO ADICIONAL DE SERIE-TÍTULO UNIFORME
Título uniforme Clásicos del siglo xx ;
Número de parte o sección de la obra 40
9 (RLIN) 73090
Holdings
Estado de retiro Estado de pérdida Restricciones de uso No para préstamo Código de colección Localización permanente Ubicación/localización actual Ubicación en estantería Fecha de adquisición Número de inventario Total de préstamos Signatura topográfica completa Código de barras Fecha visto por última vez Precio válido a partir de Tipo de ítem Koha
      Excluido de préstamo Monografías: Libros y Folletos General General En catalogación 02.02.2015 LF1   xxxx xxxx 45077-10 25.06.2020 25.06.2020 No se presta

Powered by Koha